000 01273cam a22002054a 4500
005 20250605164105.0
008 250528s ||||||||||||||||||||||||d
035 _a17703
020 _a9780721603636
040 _aGR-AtMCL
_bgre
_dGR-AtMCL
_eAACR2
245 1 _aNurse Anesthesia
250 _a3rd
260 _bElsevier Saunders,
_c2005
300 _a1262
520 _aIntroduction and Overview, Nurse Anesthesia: A History of Challenge, Specialty Practice of Nurse Anesthesia, Nurse Anesthesia Research: Sciense of an Orderly and Purposeful and Systematic Nature, Scientific Foundations, Pharmacokinetics, Inhalation Anesthetics, Local Anesthetics, Cardiac Pharmacology, Chemistry and Physics, Technology Related to Anesthesia Practice, Anesthesia Equipment, Preoperative Preparation, Clinical Monitoring in Anesthesia, Preoperative Evaluation and Preparations of the Patient, Intraoperative Management, Positioning for Anesthesia and Surgery, Cardiac Anesthesia, Vascular Surgery, The Endocrine System, Trauma Anesthesia, Anesthesia and Lase Surgery, Regional Anesthesia, Pediatric Anesthesia, Pain Management, Anesthesia for Therapeutic and Diagnostic Procedures.
700 1 _aNagelhout John J
_93885
942 _cBK
999 _c3105
_d3105